000 00507nam a22001697a 4500
003 PILC
005 20150112093439.0
008 130226t xxu||||| |||| 00| 0 eng d
020 _a971082919X
050 _aHD 31
_b.B43 1980
082 _aMnSF 658.402
_bIn1 1979
100 _aRigss, James L.
_917487
245 _aIndustrial organization and management /
_cJames L. Riggs ... [et.al.]
260 _a[Danbury, Conn.]
_bGrolier
_c1980.
300 _a610 pages :
_c21 cm.
_billustration ;
942 _2lcc
_cBK
999 _c14677
_d14677